000 00449nam a2200145 a 4500
005 20140310183150.0
008 030423s19uu xx 00 eng d
050 _aPL 6062
_b.B545 1986
245 _aBistay :
_bmga babasahin sa komunikasyon /
_cRosario Torres-Yu, et. al.
260 _aDiliman, Lunsod Quezon :
_bUnibersidad ng Pilipinas,
_c1986.
300 _a236 p. :
_c22 cm.
650 _aKomunikasyon.
942 _cBK
_2lcc
_kFLIR
999 _c19636
_d19636